LEADER 02065nam0 22003853i 450 001 UFE0203012 005 20251003044426.0 100 $a20130827d2001 ||||0itac50 ba 101 | $aita 102 $ait 181 1$6z01$ai $bxxxe 182 1$6z01$an 183 1$6z01$anc$2RDAcarrier 200 1 $aFormazione e accesso alla professione degli ingegneri in Italia$f[redatto da Emanuele Palumbo$gcoordinamento di Massimiliano Pittau] 210 $aRoma$cCentro studi Consiglio nazionale degli ingegneri$d2001 215 $a96 p.$d24 cm. 225 | $aCentro studi C.N.I$v26 314 $acoordinamento$9SGEV005734 410 0$1001MIL0463976$12001 $aCentro studi C.N.I$v26$171201$aConsiglio nazionale ingegneri$b : Centro studi$3CFIV195085 606 $aIngegneri$xProfessione$xItalia$2FIR$3BMTC081890$9I 676 $a344.4501762$9DIRITTO DEL LAVORO. Ingegneri e professioni affini. Italia$v21 676 $a620.0023$9Ingegneria e attivitā affini. Il soggetto come professione, occupazione, passatempo$v14 702 1$aPittau$b, Massimiliano$3SGEV005734 702 1$aPalumbo$b, Emanuele$c $3UFIV143119$4070 712 01$aConsiglio nazionale ingegneri$b : Centro studi$3CFIV195085 791 02$aC.N.I.$b : Centro studi$3CFIV195086$zConsiglio nazionale ingegneri : Centro studi 791 02$aConsiglio nazionale degli Ingegneri$b : Centro studi$3VEAV309836$zConsiglio nazionale ingegneri : Centro studi 801 3$aIT$bIT-000000$c20130827 850 $aIT-BN0095 $aIT-NA0079 901 $bNAP BN$cMISC. $nLa consegna dei documenti č effettuata dall'Ufficio Distribuzione 912 $aUFE0203012 950 0$aBiblioteca Centralizzata di Ateneo$cv.1-2;14-15;17-21;23;26-33;36-38;40;44-45;47-49;51-52;54-58;64;69;72;74-75;78;81;83;85-86;88;91;95-101-104;116-131$d 01COLL. ITA CNI$e 0102 0000041385 VMA (0026 v. 26$fY $h20020520$i20020520 977 $a 01$a BN 996 $aFormazione e accesso alla professione degli ingegneri in Italia$9103108 997 $aUNISANNIO LEADER 02830nam 2200649 a 450 001 9910974300903321 005 20251116173321.0 010 $a1-134-40254-6 010 $a1-138-00872-9 010 $a1-280-54699-9 010 $a0-203-13057-X 035 $a(CKB)1000000000254639 035 $a(EBL)180925 035 $a(OCoLC)54491463 035 $a(SSID)ssj0000295449 035 $a(PQKBManifestationID)11238304 035 $a(PQKBTitleCode)TC0000295449 035 $a(PQKBWorkID)10316037 035 $a(PQKB)11362680 035 $a(MiAaPQ)EBC180925 035 $a(Au-PeEL)EBL180925 035 $a(CaPaEBR)ebr10166135 035 $a(CaONFJC)MIL54699 035 $a(EXLCZ)991000000000254639 100 $a20021216d2003 uy 0 101 0 $aeng 135 $aur|n|---||||| 181 $ctxt 182 $cc 183 $acr 200 14$aThe epistolary novel $erepresentation of consciousness /$fJoe Bray 205 $a1st ed. 210 $aLondon ;$aNew York $cRoutledge$d2003 215 $a1 online resource (311 p.) 225 1 $aRoutledge studies in eighteenth-century literature ;$v1 300 $aDescription based upon print version of record. 311 08$a0-203-35151-7 311 08$a0-415-30610-8 320 $aIncludes bibliographical references and index. 327 $aRoutledge Studies in Eighteenth-Century Literature; Contents; Acknowledgements; 1 Introduction; 2 Sex and politics; 3 Reserve and memory; 4 Sentiment and sensibility; 5 From first to third; 6 Postscript; Notes; Bibliography; Index 330 $aThe epistolary novel is a form which has been neglected in most accounts of the development of the novel. This book argues that the way that the eighteenth-century epistolary novel represented consciousness had a significant influence on the later novel. Critics have drawn a distinction between the self at the time of writing and the self at the time at which events or emotions were experienced. This book demonstrates that the tensions within consciousness are the result of a continual interaction between the two selves of the letter-writer and charts the oscillation between these two selv 410 0$aRoutledge studies in eighteenth-century literature ;$v1. 606 $aEpistolary fiction, English$xHistory and criticism 606 $aEnglish fiction$y18th century$xHistory and criticism 606 $aConsciousness in literature 615 0$aEpistolary fiction, English$xHistory and criticism. 615 0$aEnglish fiction$xHistory and criticism. 615 0$aConsciousness in literature. 676 $a823/.509 700 $aBray$b Joe$0600112 801 0$bMiAaPQ 801 1$bMiAaPQ 801 2$bMiAaPQ 906 $aBOOK 912 $a9910974300903321 996 $aThe epistolary novel$94491478 997 $aUNINA